| 000 | 00448nam a22001577a 4500 | ||
|---|---|---|---|
| 020 | _a9789325968967 | ||
| 050 |
_aQA276 _b.K68 1984 |
||
| 100 | _aKothari, C R | ||
| 245 |
_aQuantitative techniques: _cC. R. kothari, |
||
| 250 | _a3rd ed. | ||
| 260 |
_aNew Delhi _bVikas _c1984 |
||
| 300 | _a7.2 x 6.5 x 0.5 inches | ||
| 500 | _aincludes Index, table of contents and bibliographic references | ||
| 650 | _vQuantitative tchniques | ||
| 942 |
_cSL1 _2lcc |
||
| 999 |
_c107 _d107 |
||